Statistics for New Zealand Cricketers: Black Caps who haven't played a Test

Click here to take the quiz!

General Stats

  • This quiz has been taken 185 times
    (31 since last reset)
  • The average score is 18 of 51

Answer Stats

Years Format Player % Correct
2018-2020T20 + ODIMark Chapman
72%
2007-2016T20 + ODINathan McCullum
72%
2018-2020T20 + ODITim Seifert
67%
2019-2020T20Blair Tickner
61%
2010-2018T20 + ODIAdam Milne
61%
2017-2020ODI + T20Scott Kuggeleijn
61%
2017-2020T20Tom Bruce
56%
1993-2005ODI + T20Jeff Wilson
50%
2006-2010T20 + ODIPeter McGlashan
50%
2017-2019ODI + T20Seth Rance
50%
2015-2018T20 + ODIGeorge Worker
44%
1982-1986ODIBruce Blair
44%
2012-2016T20 + ODIMitchell McClenaghan
39%
2012-2013ODI + T20Andrew Ellis
39%
2009ODI + T20Brendon Diamanti
39%
1988-1991ODIRichard Reid
33%
2010ODIShanan Stewart
33%
2015ODIAndrew Mathieson
33%
2015-2018ODI + T20Ben Wheeler
33%
2017-2018T20Anaru Kitchen
33%
2008-2009T20 + ODIEwen Thompson
33%
2012ODI + T20Michael Bates
33%
2000-2003ODIChris Nevin
33%
2010-2011T20 + ODILuke Woodcock
33%
2012ODITarun Nethula
28%
2011T20 + ODIGraeme Aldridge
28%
2012-2013T20Ronnie Hira
28%
2013-2016ODI + T20Anton Devcich
28%
2003-2005ODITama Canning
28%
2005ODILance Hamilton
28%
1986-1987ODIErvin McSweeney
28%
2003ODIMatthew Walker
28%
2002-2008ODI + T20Paul Hitchcock
28%
2000ODIGlen Sulzberger
28%
2000ODIWarren Wisneski
28%
1999ODICarl Bulfin
28%
1998-1999ODIAlex Tait
28%
1998ODIMark Bailey
28%
1998ODILlorne Howell
28%
1997-2001ODIAndrew Penn
28%
1975-1981ODIBrian McKechnie
28%
1994-1995ODIMark Douglas
28%
1979ODIWarren Stott
28%
1983ODIRichard Webb
28%
1985ODIRon Hart
28%
1995ODIRoydon Hayes
22%
1990ODIStu Roberts
22%
1990ODIJonathon Millmow
22%
1990-1991ODIRichard Petrie
22%
1975ODIBarry Hadlee
22%
1973-1974ODIPeter Coman
22%

Score Distribution

Percentile by Number Answered

Percent of People with Each Score

Your Score History

You have not taken this quiz since the last reset